[Event "Oberliga NRW 1011"]
[Site "Germany"]
[Date "2011.02.20"]
[Round "7.5"]
[White "Bus, Tom"]
[Black "Wessels, Marco"]
[Result "1/2-1/2"]
[WhiteElo "2179"]
[BlackElo "2223"]
[PlyCount "142"]
[EventDate "2010.09.26"]
[EventType "team-tourn"]
[EventRounds "9"]
[EventCountry "GER"]
[SourceTitle "EXT 2012"]
[Source "ChessBase"]
[SourceDate "2011.11.24"]
[SourceVersion "1"]
[SourceVersionDate "2011.11.24"]
[SourceQuality "1"]
[WhiteTeam "Muelheim Nord II"]
[BlackTeam "Duisburg"]
[WhiteTeamCountry "GER"]
[BlackTeamCountry "GER"]

1. c4 c6 2. g3 d5 3. Nf3 Nf6 4. Bg2 dxc4 5. 0-0 Bf5 6. Na3 Qd5 7. b3 cxb3 8. axb3 e6 9. Nc4 Qd8 10. Bb2 Be7 11. d3 0-0 12. Qc2 Na6 13. Rxa6 bxa6 14. Nd4 Rc8 15. Nxc6 Qe8 16. Nxe7+ Qxe7 17. Ra1 Rfd8 18. Rxa6 Bg6 19. Qc3 Bh5 20. Kf1 Rd7 21. h3 Bg6 22. Bf3 h6 23. Kg2 Qd8 24. Qe5 Rb8 25. Na5 Rb6 26. Nc6 Qc7 27. Rxa7 Qxe5 28. Ra8+ Kh7 29. Nxe5 Rc7 30. Nc4 Rxb3 31. Bxf6 gxf6 32. Nd6 f5 33. Ne8 Re7 34. h4 h5 35. Nf6+ Kg7 36. Nxh5+ Bxh5 37. Bxh5 Rb1 38. f4 Rc7 39. Bf3 Rbc1 40. Kf2 Rb1 41. Ra5 Rd7 42. Ra2 Rc1 43. Rb2 Rcc7 44. Ke3 Rc1 45. Rb5 Rg1 46. Kf2 Rc1 47. g4 fxg4 48. Bxg4 Rh1 49. h5 Rc1 50. Rg5+ Kh6 51. Bf3 Rc8 52. Re5 Kg7 53. f5 Kf6 54. fxe6 fxe6 55. Rb5 Rd6 56. Ke3 Rh8 57. Rb4 Ra6 58. Rf4+ Kg7 59. Rg4+ Kf7 60. Rh4 Ra5 61. d4 Kf6 62. Rh1 Rh6 63. Rh4 Rg5 64. Kf2 Ra5 65. e4 Ra3 66. Kg3 Rd3 67. d5 Ke5 68. Kf2 exd5 69. exd5 Rf6 70. Rh3 Rxd5 71. h6 Rd8 1/2-1/2

[Event "Oberliga NRW 0910"]
[Site "Germany"]
[Date "2010.02.21"]
[Round "7.6"]
[White "Rott, Georg"]
[Black "Wessels, Marco"]
[Result "0-1"]
[WhiteElo "2186"]
[BlackElo "2214"]
[PlyCount "92"]
[EventDate "2009.09.20"]
[EventType "team-tourn"]
[EventRounds "9"]
[EventCountry "GER"]
[SourceTitle "EXT 2011"]
[Source "ChessBase"]
[SourceDate "2010.11.26"]
[SourceVersion "1"]
[SourceVersionDate "2010.11.26"]
[SourceQuality "1"]
[WhiteTeam "Muenster"]
[BlackTeam "Duisburg PSV"]
[WhiteTeamCountry "GER"]
[BlackTeamCountry "GER"]

1. e4 c5 2. c3 Nf6 3. e5 Nd5 4. Bc4 Nb6 5. Bb3 c4 6. Bc2 g6 7. Nf3 Bg7 8. 0-0 0-0 9. b3 d5 10. exd6 exd6 11. bxc4 Nxc4 12. Na3 Nxa3 13. Bxa3 Nc6 14. h3 Re8 15. Rb1 b6 16. Ba4 Bb7 17. d4 Re7 18. Bc1 Na5 19. Bg5 f6 20. Bf4 Rc8 21. Rc1 Bd5 22. Bb3 Nxb3 23. axb3 g5 24. Bg3 b5 25. Nd2 f5 26. f4 Re3 27. c4 Rxg3 28. cxd5 Rxc1 29. Qxc1 Bxd4+ 30. Kh2 Rc3 31. Qb1 gxf4 32. Qxf5 Be5 33. Rf3 Rc7 34. Ne4 Qf8 35. Qe6+ Qf7 36. Ng5 Qxe6 37. Nxe6 Rc2 38. Kg1 Rd2 39. Nc7 b4 40. Kf1 a5 41. Rf2 Rd1+ 42. Ke2 Rb1 43. Rf3 a4 44. bxa4 b3 45. Nb5 b2 46. Na3 Ra1 0-1

[Event "Guernsey op 35th"]
[Site "Guernsey"]
[Date "2009.10.24"]
[Round "7"]
[White "Wessels, Marco"]
[Black "Luijendijk, Pieter"]
[Result "1-0"]
[WhiteElo "2214"]
[BlackElo "1572"]
[PlyCount "75"]
[EventDate "2009.10.18"]
[EventType "swiss"]
[EventRounds "7"]
[EventCountry "GCI"]
[SourceTitle "EXT 2010"]
[Source "ChessBase"]
[SourceDate "2010.11.25"]
[SourceVersion "1"]
[SourceVersionDate "2010.11.25"]
[SourceQuality "1"]

1. Nc3 c5 2. e4 d6 3. Nf3 Nc6 4. d4 cxd4 5. Nxd4 Nxd4 6. Qxd4 a6 7. a4 e5 8. Qd1 Be6 9. Be2 Ne7 10. Bf3 Nc6 11. 0-0 Be7 12. Be3 h6 13. Nd5 Bxd5 14. Qxd5 Qa5 15. Rfd1 Qxd5 16. Rxd5 Nb4 17. Rd2 0-0 18. c3 Nc6 19. Bb6 Rac8 20. Bg4 f5 21. Bxf5 Rxf5 22. exf5 Kf7 23. Rad1 Kf6 24. Rxd6+ Bxd6 25. Rxd6+ Kxf5 26. Rd7 Nb4 27. g4+ Kxg4 28. cxb4 Kh3 29. Rd3+ Kg4 30. Kg2 Rc2 31. Rg3+ Kf5 32. Rxg7 Rxb2 33. Rxb7 Rxb4 34. a5 Rg4+ 35. Kh3 Rg5 36. Rf7+ Ke4 37. Kh4 Rg2 38. h3 1-0

[Event "Oberliga NRW 0809"]
[Site "Germany"]
[Date "2009.04.26"]
[Round "9.8"]
[White "Wessels, Marco"]
[Black "Goralski, Christian"]
[Result "0-1"]
[WhiteElo "2215"]
[BlackElo "2155"]
[PlyCount "98"]
[EventDate "2008.09.21"]
[EventType "team-tourn"]
[EventRounds "9"]
[EventCountry "GER"]
[SourceTitle "EXT 2010"]
[Source "ChessBase"]
[SourceDate "2010.11.25"]
[SourceVersion "1"]
[SourceVersionDate "2010.11.25"]
[SourceQuality "1"]
[WhiteTeam "Duisburg"]
[BlackTeam "Bochum"]
[WhiteTeamCountry "GER"]
[BlackTeamCountry "GER"]

1. e4 d5 2. exd5 Nf6 3. d4 Bg4 4. Nf3 Qxd5 5. Be2 Nc6 6. 0-0 0-0-0 7. Be3 Qf5 8. c4 e5 9. d5 e4 10. Nd4 Nxd4 11. Bxd4 Bd6 12. Bxf6 Bxe2 13. Qxe2 gxf6 14. Nc3 Rde8 15. Nb5 Be5 16. Nxa7+ Kb8 17. Nb5 Rhg8 18. g3 Qh3 19. Qe3 Rg4 20. Qa7+ Kc8 21. Qa8+ Kd7 22. Qa4 Rh4 23. Nd4+ Ke7 24. Rfd1 Qxh2+ 25. Kf1 Bxd4 26. Qa3+ Kd7 27. Rxd4 Qh1+ 28. Ke2 Qf3+ 29. Qxf3 exf3+ 30. Kd3 Rxd4+ 31. Kxd4 Re2 32. b4 Rxf2 33. a4 Re2 34. b5 f2 35. Rf1 b6 36. c5 Ra2 37. cxb6 cxb6 38. Ke3 Kd6 39. Rxf2 Rxf2 40. Kxf2 Kxd5 41. Kf3 Kc5 42. Kf4 Kb4 43. Kf5 Kxa4 44. Kxf6 Kxb5 45. Kxf7 Ka4 46. g4 b5 47. g5 b4 48. Kg7 b3 49. Kxh7 b2 0-1

[Event "Oberliga NRW 0607"]
[Site "Germany"]
[Date "2006.10.29"]
[Round "2.8"]
[White "Klein, Felix"]
[Black "Wessels, Marco"]
[Result "1/2-1/2"]
[WhiteElo "2205"]
[BlackElo "2216"]
[PlyCount "50"]
[EventDate "2006.09.17"]
[EventType "team-tourn"]
[EventRounds "9"]
[EventCountry "GER"]
[SourceTitle "EXT 2007"]
[Source "ChessBase"]
[SourceDate "2006.11.23"]
[SourceVersion "1"]
[SourceVersionDate "2006.11.23"]
[SourceQuality "1"]
[WhiteTeam "Aachen"]
[BlackTeam "Duisburg"]
[WhiteTeamCountry "GER"]
[BlackTeamCountry "GER"]

1. e4 c5 2. Nf3 Nc6 3. Nc3 d6 4. d4 cxd4 5. Nxd4 Nf6 6. Bg5 e6 7. Qd2 a6 8. 0-0-0 h6 9. Be3 Be7 10. f3 Bd7 11. Kb1 Rc8 12. g4 b5 13. Nxc6 Bxc6 14. Rg1 Nd7 15. Bd4 b4 16. Ne2 Ne5 17. Bg2 a5 18. b3 Qc7 19. h3 0-0 20. f4 Nd7 21. Bb2 Rfd8 22. Ng3 Nc5 23. Qe2 Bf8 24. h4 d5 25. exd5 exd5 1/2-1/2

[Event "Oberliga NRW 0506"]
[Site "Germany"]
[Date "2006.02.12"]
[Round "6.7"]
[White "Kamp, Christoph"]
[Black "Wessels, Marco"]
[Result "1/2-1/2"]
[WhiteElo "2299"]
[BlackElo "2231"]
[PlyCount "54"]
[EventDate "2005.09.25"]
[EventType "team-tourn"]
[EventRounds "9"]
[EventCountry "GER"]
[SourceTitle "EXT 2007"]
[Source "ChessBase"]
[SourceDate "2006.11.23"]
[SourceVersion "1"]
[SourceVersionDate "2006.11.23"]
[SourceQuality "1"]
[WhiteTeam "Muenster"]
[BlackTeam "Duisburg PSV"]
[WhiteTeamCountry "GER"]
[BlackTeamCountry "GER"]

1. c4 c6 2. e4 d5 3. cxd5 cxd5 4. exd5 Nf6 5. Qa4+ Nbd7 6. Nc3 g6 7. Nf3 Bg7 8. Qb3 0-0 9. Bc4 a6 10. a4 Qa5 11. Ra3 Nc5 12. Qd1 Bf5 13. 0-0 Bd3 14. b4 Qxb4 15. Bxd3 Nxd3 16. Rb3 Qg4 17. Rxb7 Nf4 18. g3 N4xd5 19. Nxd5 Nxd5 20. Ba3 Rfd8 21. Bxe7 Nc3 22. h3 Qf5 23. Qb3 Rdc8 24. dxc3 Qxf3 25. Re1 Qxc3 26. Qxc3 Bxc3 27. Rd1 Rab8 1/2-1/2

[Event "Oberliga NRW 0506"]
[Site "Germany"]
[Date "2005.11.06"]
[Round "3.7"]
[White "Wessels, Marco"]
[Black "Freiberger, Jonas"]
[Result "0-1"]
[WhiteElo "2231"]
[BlackElo "2189"]
[PlyCount "68"]
[EventDate "2005.09.25"]
[EventType "team-tourn"]
[EventRounds "9"]
[EventCountry "GER"]
[SourceTitle "EXT 2007"]
[Source "ChessBase"]
[SourceDate "2006.11.23"]
[SourceVersion "1"]
[SourceVersionDate "2006.11.23"]
[SourceQuality "1"]
[WhiteTeam "Duisburg PSV"]
[BlackTeam "Werther"]
[WhiteTeamCountry "GER"]
[BlackTeamCountry "GER"]

1. e4 e5 2. Nf3 Nc6 3. Bb5 f5 4. Nc3 fxe4 5. Nxe4 Nf6 6. Nxf6+ Qxf6 7. Qe2 Be7 8. Bxc6 dxc6 9. Nxe5 Bf5 10. d4 0-0-0 11. Be3 Bd6 12. f4 Bxe5 13. dxe5 Qg6 14. Rc1 h5 15. 0-0 h4 16. Rf2 Rd5 17. Rff1 h3 18. g3 Rh4 19. Kf2 Bg4 20. gxh4 Bxe2 21. Kxe2 Qg4+ 22. Rf3 Qxh4 23. c4 Ra5 24. a3 g5 25. Bd2 Ra4 26. e6 Qg4 27. f5 Rxc4 28. Rxc4 Qxc4+ 29. Ke1 Qe4+ 30. Re3 Qh1+ 31. Ke2 Qxh2+ 32. Kd1 Qg1+ 33. Ke2 h2 34. f6 h1Q 0-1

[Event "Oberliga NRW 0405"]
[Site "Germany"]
[Date "2005.04.24"]
[Round "9.6"]
[White "Mueschenich, Stefan"]
[Black "Wessels, Marco"]
[Result "1-0"]
[WhiteElo "2158"]
[BlackElo "2226"]
[PlyCount "65"]
[EventDate "2004.10.10"]
[EventType "team-tourn"]
[EventRounds "9"]
[EventCountry "GER"]
[SourceTitle "EXT 2006"]
[Source "ChessBase"]
[SourceDate "2005.11.24"]
[SourceVersion "1"]
[SourceVersionDate "2005.11.24"]
[SourceQuality "1"]
[WhiteTeam "Muenster"]
[BlackTeam "Duisburg/Hochheide"]
[WhiteTeamCountry "GER"]
[BlackTeamCountry "GER"]

1. b3 d5 2. Bb2 c5 3. e3 Nc6 4. Bb5 Bd7 5. f4 a6 6. Bxc6 Bxc6 7. Nf3 b5 8. 0-0 Nf6 9. d3 e6 10. Nbd2 Bd6 11. Ne5 Bb7 12. Qe1 0-0 13. Qh4 Be7 14. Qg3 Rc8 15. a4 b4 16. Rf2 Ne8 17. Qh3 Rc7 18. Raf1 Bc8 19. g4 f6 20. Nef3 Nd6 21. Rd1 Qe8 22. e4 Qg6 23. e5 Nf5 24. Re1 c4 25. Rg2 c3 26. gxf5 Qxf5 27. Qg3 Rf7 28. Bxc3 Rxc3 29. Nf1 Bb7 30. Ne3 Qh5 31. exf6 Bf8 32. Ng4 Bc8 33. Re5 1-0

[Event "Oberliga NRW 0405"]
[Site "Germany"]
[Date "2005.01.09"]
[Round "5.6"]
[White "Wessels, Marco"]
[Black "Kesseler, Heiko"]
[Result "1/2-1/2"]
[WhiteElo "2226"]
[BlackElo "2067"]
[PlyCount "114"]
[EventDate "2004.10.10"]
[EventType "team-tourn"]
[EventRounds "9"]
[EventCountry "GER"]
[SourceTitle "EXT 2006"]
[Source "ChessBase"]
[SourceDate "2005.11.24"]
[SourceVersion "1"]
[SourceVersionDate "2005.11.24"]
[SourceQuality "1"]
[WhiteTeam "Duisburg/Hochheide"]
[BlackTeam "Solingen III"]
[WhiteTeamCountry "GER"]
[BlackTeamCountry "GER"]

1. e4 c5 2. Nf3 e6 3. d4 cxd4 4. Nxd4 a6 5. Bd3 Qc7 6. 0-0 Nc6 7. Nxc6 dxc6 8. Qe2 e5 9. Bc4 Nf6 10. a4 Bc5 11. h3 0-0 12. Bg5 Qe7 13. Nd2 Be6 14. Nb3 Ba7 15. Bxe6 Qxe6 16. a5 h6 17. Bh4 Rad8 18. Nd2 g5 19. Bg3 Rd4 20. c3 Rxd2 21. Qxd2 Nxe4 22. Qd3 f5 23. Rae1 Nxg3 24. Qxg3 e4 25. Kh1 f4 26. Qf3 Re8 27. Qh5 Rd8 28. Re2 Kg7 29. Rfe1 e3 30. Qf3 Rd3 31. fxe3 Bxe3 32. Qh5 Qe4 33. Qg4 c5 34. Qf3 Qxf3 35. gxf3 Kf6 36. Kg2 h5 37. Ra1 Kf5 38. Rf1 g4 39. hxg4+ hxg4 40. fxg4+ Kxg4 41. Rc2 c4 42. Re2 Bc5 43. Kh1 Rh3+ 44. Rh2 Be3 45. Rxh3 Kxh3 46. Rf3+ Kg4 47. Kg2 Kf5 48. Rf1 Ke4 49. Rd1 f3+ 50. Kf1 b6 51. axb6 Bxb6 52. Rd6 Be3 53. Rxa6 Bc1 54. Ra2 Ke3 55. Ke1 Bd2+ 56. Kf1 Bc1 57. Ke1 Bd2+ 1/2-1/2

[Event "Oberliga NRW 0304"]
[Site "Germany"]
[Date "2004.02.29"]
[Round "7.7"]
[White "Lamprecht, Mark"]
[Black "Wessels, Marco"]
[Result "1/2-1/2"]
[WhiteElo "2228"]
[BlackElo "2238"]
[PlyCount "60"]
[EventDate "2003.09.28"]
[EventType "team-tourn"]
[EventRounds "9"]
[EventCountry "GER"]
[SourceTitle "CBM 098 Extra"]
[Source "ChessBase"]
[SourceDate "2004.03.10"]
[SourceVersion "2"]
[SourceVersionDate "2004.03.10"]
[SourceQuality "1"]
[WhiteTeam "Lohmar"]
[BlackTeam "Duisburg"]
[WhiteTeamCountry "GER"]
[BlackTeamCountry "GER"]

1. c4 c6 2. Nc3 d5 3. e3 Nf6 4. Nf3 e6 5. Qc2 Nbd7 6. d4 Bd6 7. Be2 dxc4 8. Bxc4 0-0 9. 0-0 e5 10. h3 Qe7 11. Ng5 h6 12. Nge4 Bb8 13. Bb3 exd4 14. exd4 Nxe4 15. Nxe4 Nb6 16. Ng3 Qh4 17. Qd3 Nd5 18. Bxd5 cxd5 19. Bd2 Be6 20. Rac1 a6 21. Rfe1 Ba7 22. Bb4 Rfc8 23. Nf5 Bxf5 24. Rxc8+ Rxc8 25. Qxf5 Rb8 26. Bc5 Bxc5 27. dxc5 Rd8 28. g3 Qc4 29. Re7 Rf8 30. Rxb7 Qxc5 1/2-1/2

[Event "Oberliga NRW 0304"]
[Site "Germany"]
[Date "2003.12.07"]
[Round "4.7"]
[White "Wessels, Marco"]
[Black "Busse, Helmut"]
[Result "1/2-1/2"]
[WhiteElo "2238"]
[BlackElo "2054"]
[PlyCount "40"]
[EventDate "2003.09.28"]
[EventType "team-tourn"]
[EventRounds "9"]
[EventCountry "GER"]
[SourceTitle "CBM 098 Extra"]
[Source "ChessBase"]
[SourceDate "2004.03.10"]
[SourceVersion "2"]
[SourceVersionDate "2004.03.10"]
[SourceQuality "1"]
[WhiteTeam "Duisburg"]
[BlackTeam "Solingen II"]
[WhiteTeamCountry "GER"]
[BlackTeamCountry "GER"]

1. e4 c5 2. Nf3 d6 3. d4 cxd4 4. Nxd4 Nf6 5. Nc3 g6 6. Be3 Bg7 7. f3 0-0 8. Bc4 Nc6 9. Qd2 Bd7 10. 0-0-0 Rc8 11. Bb3 Ne5 12. h4 Qa5 13. h5 Nxh5 14. g4 Nf6 15. Bh6 Rxc3 16. bxc3 Bxh6 17. Rxh6 Rc8 18. Kb2 Bxg4 19. fxg4 Nxe4 20. Qe3 Nxc3 1/2-1/2

[Event "Oberliga NRW 0304"]
[Site "Germany"]
[Date "2003.10.12"]
[Round "2.7"]
[White "Wessels, Marco"]
[Black "Huenemeyer, Dirk"]
[Result "1/2-1/2"]
[WhiteElo "2238"]
[BlackElo "1903"]
[PlyCount "92"]
[EventDate "2003.09.28"]
[EventType "team-tourn"]
[EventRounds "9"]
[EventCountry "GER"]
[SourceTitle "CBM 098 Extra"]
[Source "ChessBase"]
[SourceDate "2004.03.10"]
[SourceVersion "2"]
[SourceVersionDate "2004.03.10"]
[SourceQuality "1"]
[WhiteTeam "Duisburg"]
[BlackTeam "Essen Borbeck"]
[WhiteTeamCountry "GER"]
[BlackTeamCountry "GER"]

1. e4 e6 2. d4 d5 3. Nd2 c5 4. Ngf3 Nc6 5. Bb5 Bd7 6. exd5 exd5 7. 0-0 Nxd4 8. Nxd4 cxd4 9. Qe2+ Be7 10. Nb3 Bxb5 11. Qxb5+ Qd7 12. Qd3 Bf6 13. Nxd4 Ne7 14. Re1 0-0 15. c3 Nc6 16. Nf3 Rad8 17. Bg5 Qd6 18. Rad1 h6 19. Bxf6 Qxf6 20. Qb5 d4 21. cxd4 Nxd4 22. Nxd4 Rxd4 23. Qxb7 Rfd8 24. Rxd4 Qxd4 25. g3 Rd7 26. Re8+ Kh7 27. Qe4+ Qxe4 28. Rxe4 Rd2 29. Ra4 Rxb2 30. Rxa7 Kg6 31. a4 Ra2 32. Kg2 Ra3 33. g4 Kf6 34. Ra6+ Ke5 35. Ra5+ Ke6 36. h4 g6 37. f3 g5 38. h5 Ra2+ 39. Kg3 Kf6 40. Rf5+ Kg7 41. a5 Kf8 42. Rf6 Kg7 43. Ra6 Kh7 44. Ra8 Kg7 45. a6 Kf6 46. a7 Kg7 1/2-1/2

[Event "Oberliga NRW 0304"]
[Site "Germany"]
[Date "2003.09.28"]
[Round "1.7"]
[White "Wessels, Marco"]
[Black "Boehnke, Martin"]
[Result "1/2-1/2"]
[WhiteElo "2238"]
[BlackElo "2225"]
[PlyCount "87"]
[EventDate "2003.09.28"]
[EventType "team-tourn"]
[EventRounds "9"]
[EventCountry "GER"]
[SourceTitle "CBM 098 Extra"]
[Source "ChessBase"]
[SourceDate "2004.03.10"]
[SourceVersion "2"]
[SourceVersionDate "2004.03.10"]
[SourceQuality "1"]
[WhiteTeam "Duisburg"]
[BlackTeam "Castrop Rauxel"]
[WhiteTeamCountry "GER"]
[BlackTeamCountry "GER"]

1. e4 d5 2. exd5 Qxd5 3. Nc3 Qa5 4. d4 c6 5. Bc4 Bf5 6. Nf3 e6 7. Bd2 Nf6 8. Qe2 Bb4 9. 0-0 0-0 10. a3 Bxc3 11. Bxc3 Qc7 12. Rfd1 Nbd7 13. Rac1 b5 14. Bd3 Bxd3 15. Qxd3 Rfd8 16. Qe2 a5 17. Bd2 Nb6 18. Bg5 Nc4 19. b3 Nxa3 20. Ne5 h6 21. Bh4 g5 22. Bg3 Qb7 23. h4 b4 24. hxg5 hxg5 25. Qe3 Nh7 26. Ng4 Qe7 27. Rd3 Nb5 28. Re1 Rd5 29. Be5 f6 30. Nxf6+ Nxf6 31. Qxg5+ Qg7 32. Qh4 Kf7 33. Rg3 Qh8 34. Qf4 Rf8 35. Rh3 Qg7 36. Rh6 Ke7 37. Qh4 Nxd4 38. Rxf6 Rxf6 39. Bxd4 Qh6 40. Bxf6+ Qxf6 41. Qh7+ Qf7 42. Qh4+ Qf6 43. Qh7+ Qf7 44. Qh4+ 1/2-1/2

[Event "Oberliga NRW 0203 II"]
[Site "Germany"]
[Date "2003.04.06"]
[Round "8.6"]
[White "Wessels, Marco"]
[Black "Villwock, Martin"]
[Result "0-1"]
[WhiteElo "2259"]
[BlackElo "2195"]
[PlyCount "53"]
[EventDate "2002.10.06"]
[EventType "team"]
[EventRounds "9"]
[EventCountry "GER"]
[SourceTitle "EXT 2004"]
[Source "ChessBase"]
[SourceDate "2003.11.25"]
[SourceVersion "1"]
[SourceVersionDate "2003.11.25"]
[SourceQuality "1"]
[WhiteTeam "Duisburg/Hochheide"]
[BlackTeam "Katernberg II"]
[WhiteTeamCountry "GER"]
[BlackTeamCountry "GER"]

1. e4 c5 2. Nf3 Nc6 3. d4 cxd4 4. Nxd4 Nf6 5. Nc3 e5 6. Ndb5 d6 7. Bg5 a6 8. Na3 b5 9. Nd5 Be7 10. Nxe7 Nxe7 11. Qf3 Bg4 12. Qg3 Be6 13. Bd3 Ng6 14. 0-0 Rc8 15. c3 h6 16. Bxf6 Qxf6 17. Rfd1 Nf4 18. Bf1 d5 19. exd5 Bxd5 20. Qe3 0-0 21. b3 Bxg2 22. Bxg2 Qg6 23. Qf3 Rxc3 24. Qb7 Kh7 25. Kh1 Rb8 26. Qe4 f5 27. Re1 0-1

[Event "Oberliga NRW 0203 II"]
[Site "Germany"]
[Date "2002.11.10"]
[Round "2.6"]
[White "Kuhnen, Thomas"]
[Black "Wessels, Marco"]
[Result "1-0"]
[WhiteElo "2265"]
[BlackElo "2259"]
[PlyCount "107"]
[EventDate "2002.10.06"]
[EventType "team"]
[EventRounds "9"]
[EventCountry "GER"]
[SourceTitle "EXT 2004"]
[Source "ChessBase"]
[SourceDate "2003.11.25"]
[SourceVersion "1"]
[SourceVersionDate "2003.11.25"]
[SourceQuality "1"]
[WhiteTeam "Plettenberg"]
[BlackTeam "Duisburg/Hochheide"]
[WhiteTeamCountry "GER"]
[BlackTeamCountry "GER"]

1. e4 c5 2. Nf3 Nc6 3. d4 cxd4 4. Nxd4 Nf6 5. Nc3 d6 6. Bg5 e6 7. Qd2 a6 8. 0-0-0 h6 9. Nxc6 bxc6 10. Bf4 d5 11. Qe3 Be7 12. Be2 Nd7 13. e5 Qa5 14. Qg3 g6 15. Kb1 Rb8 16. Bd2 Qb4 17. Nb5 Qe4 18. Bd3 Qa4 19. Nd6+ Bxd6 20. exd6 h5 21. Qg5 Kf8 22. Bxg6 f6 23. Qg3 h4 24. Qe3 Ne5 25. Bd3 Qa3 26. b3 Qxd6 27. Bc3 Nxd3 28. Bxf6 Rh5 29. Qxd3 e5 30. Qg6 Rf5 31. Qg7+ Ke8 32. Qg8+ Qf8 33. Qxf8+ Kxf8 34. Bxh4 a5 35. Rhe1 Rb4 36. Bg3 Rg4 37. Rxe5 Rxe5 38. Bxe5 Re4 39. Bc3 a4 40. Rd4 axb3 41. axb3 Re2 42. Rf4+ Ke7 43. h4 Be6 44. Bb4+ Kd7 45. h5 Bg8 46. g4 Re4 47. Rxe4 dxe4 48. Kc1 Be6 49. h6 Bg8 50. Kd2 Ke6 51. Ke3 Bh7 52. c4 Bg6 53. Bc3 Bh7 54. b4 1-0

[Event "BL2-West 0001"]
[Site "Germany"]
[Date "2001.03.11"]
[Round "7.6"]
[White "Gallinnis, Norbert"]
[Black "Wessels, Marco"]
[Result "0-1"]
[WhiteElo "2307"]
[BlackElo "2217"]
[PlyCount "78"]
[EventDate "2000.10.15"]
[EventType "team-tourn"]
[EventRounds "9"]
[EventCountry "GER"]
[SourceTitle "CBM 082 Extra"]
[Source "ChessBase"]
[SourceDate "2001.07.03"]
[SourceVersion "1"]
[SourceVersionDate "2001.07.03"]
[SourceQuality "1"]
[WhiteTeam "Koeln Porz II"]
[BlackTeam "Duisburg"]
[WhiteTeamCountry "GER"]
[BlackTeamCountry "GER"]

1. e4 c5 2. Nf3 Nc6 3. b3 d6 4. Bb2 Nf6 5. d3 e5 6. Be2 Be7 7. c3 0-0 8. Nbd2 Re8 9. 0-0 Bf8 10. a3 a5 11. Qc2 d5 12. Rae1 g6 13. h3 dxe4 14. dxe4 Nh5 15. Bb5 Qf6 16. Nh2 Nf4 17. Ndf3 g5 18. Re3 Bg7 19. Ne1 Bd7 20. a4 Rad8 21. Nd3 b6 22. Bc1 h5 23. Nb2 Ne7 24. Rf3 Neg6 25. Nc4 Bxb5 26. axb5 Nh4 27. Rg3 Rd7 28. Ne3 Qg6 29. Nf5 Nxf5 30. exf5 Qf6 31. Qe4 Red8 32. Nf3 Rd1 33. Rxd1 Rxd1+ 34. Kh2 g4 35. hxg4 h4 36. Bxf4 hxg3+ 37. Bxg3 Qh6+ 38. Nh4 Bf6 39. Qf3 Qc1 0-1

[Event "Oberliga NRW 9899 I"]
[Site "Germany"]
[Date "1999.05.06"]
[Round "9.3"]
[White "Hengelbrock, Joachim"]
[Black "Wessels, Marco"]
[Result "1/2-1/2"]
[WhiteElo "2250"]
[BlackElo "2265"]
[PlyCount "31"]
[EventDate "1998.10.10"]
[EventType "team"]
[EventRounds "9"]
[EventCountry "GER"]
[SourceTitle "EXT 2000"]
[Source "ChessBase"]
[SourceDate "1999.11.16"]
[SourceVersion "1"]
[SourceVersionDate "1999.11.16"]
[SourceQuality "1"]
[WhiteTeam "Ruhrtal Wetter"]
[BlackTeam "Duisburg II"]
[WhiteTeamCountry "GER"]
[BlackTeamCountry "GER"]

1. Nf3 d5 2. c4 c6 3. e3 Nf6 4. Nc3 e6 5. Be2 Nbd7 6. 0-0 Bd6 7. b3 0-0 8. Bb2 a6 9. d4 Qe7 10. Qc2 dxc4 11. bxc4 e5 12. Rae1 Re8 13. Nd2 Nf8 14. c5 Bc7 15. Nc4 exd4 16. exd4 1/2-1/2

[Event "Oberliga NRW 9899 I"]
[Site "Germany"]
[Date "1998.12.03"]
[Round "3.3"]
[White "Wessels, Marco"]
[Black "Kassebaum, Roman"]
[Result "0-1"]
[WhiteElo "2265"]
[BlackElo "2320"]
[PlyCount "88"]
[EventDate "1998.10.10"]
[EventType "team"]
[EventRounds "9"]
[EventCountry "GER"]
[SourceTitle "EXT 2000"]
[Source "ChessBase"]
[SourceDate "1999.11.16"]
[SourceVersion "1"]
[SourceVersionDate "1999.11.16"]
[SourceQuality "1"]
[WhiteTeam "Duisburg II"]
[BlackTeam "Enger Spenge"]
[WhiteTeamCountry "GER"]
[BlackTeamCountry "GER"]

1. e4 c5 2. Nf3 e6 3. d4 cxd4 4. Nxd4 a6 5. Nc3 Qc7 6. Bd3 d6 7. f4 Nf6 8. Qf3 Nbd7 9. a4 b6 10. 0-0 Bb7 11. Kh1 Be7 12. Bd2 h5 13. h3 h4 14. Rae1 Rc8 15. f5 Ne5 16. Qf2 Qd7 17. fxe6 fxe6 18. Nde2 Bd8 19. Be3 Nc4 20. Bc1 Nh5 21. Kh2 Bf6 22. Bxc4 Rxc4 23. Qxb6 0-0 24. Qe3 d5 25. Kh1 d4 26. Qd3 Qc6 27. Nb1 Rxc2 28. Nd2 e5 29. Qf3 Rxd2 30. Bxd2 Qxe4 31. Qxe4 Bxe4 32. Kg1 Bd3 33. Rf3 Bg6 34. Rb3 e4 35. Rb4 e3 36. Bc1 d3 37. Bxe3 dxe2 38. Rxe2 Ng3 39. Re1 Rc8 40. Bf2 Rc2 41. Rf4 Ne2+ 42. Rxe2 Rxe2 43. Bxh4 Bxh4 44. Rxh4 Rxb2 0-1

[Event "Oberliga NRW 9899 I"]
[Site "Germany"]
[Date "1998.??.??"]
[Round "2.3"]
[White "Donner, Bernd"]
[Black "Wessels, Marco"]
[Result "0-1"]
[WhiteElo "2290"]
[BlackElo "2265"]
[PlyCount "78"]
[EventDate "1998.10.10"]
[EventType "team"]
[EventRounds "9"]
[EventCountry "GER"]
[SourceTitle "EXT 2000"]
[Source "ChessBase"]
[SourceDate "1999.11.16"]
[SourceVersion "1"]
[SourceVersionDate "1999.11.16"]
[SourceQuality "1"]
[WhiteTeam "Siegen"]
[BlackTeam "Duisburg II"]
[WhiteTeamCountry "GER"]
[BlackTeamCountry "GER"]

1. e4 c5 2. Nf3 Nc6 3. d4 cxd4 4. Nxd4 Nf6 5. Nc3 d6 6. Bg5 e6 7. Qd2 a6 8. 0-0-0 h6 9. Bh4 Nxe4 10. Nxe4 Qxh4 11. f4 d5 12. g3 Qe7 13. Nc3 Qc5 14. Nb3 Qd6 15. g4 Be7 16. h4 h5 17. gxh5 Rxh5 18. Be2 Rxh4 19. Rxh4 Bxh4 20. Bf3 g5 21. Rh1 Bg3 22. Rh8+ Ke7 23. Kb1 Qxf4 24. Qg2 Qe5 25. Qh3 Rb8 26. Bxd5 Bd7 27. Rxb8 Qe1+ 28. Nc1 Bxb8 29. Bg2 b5 30. N3e2 Be5 31. Bxc6 Bxc6 32. Qa3+ b4 33. Qxa6 Bf3 34. Qa7+ Kf6 35. Qg1 Qxg1 36. Nxg1 g4 37. Nce2 Kf5 38. a4 bxa3 39. bxa3 Ke4 0-1